000 00895 a2200241 4500
008 080821t xxu||||| |||| 00| 0 eng d
010 _aENG-84954
020 _a0070634440
_c325.00
020 _a.
035 _aEN-68487
037 _bD.B.Act / Pub
082 _a624.18341
100 _aKrishna Raju, N.
245 _aPrestressed concrete
_cby N. Krishna Raju
250 _a4th ed
260 _aNew Delhi
_bHindustan Book Agency
_c2007
270 _aP 19, Green Park Ext.
_bNew Delhi
_cDelhi
_e110016
_mhba@vsnl.com
300 _axxiv, 784 p. ;
_c23 cm. (Pbk)
500 _aIncludes bibliographical references and index
650 _aPrestressed concrete
942 _adpl
_cEN
_k624.18341 / KRI
_2ddc
_h624.18341
_mKRI
999 _c796
_d796